| 000 | 00410nam a2200157Ia 4500 | ||
|---|---|---|---|
| 008 | 210716s1984 xx 000 0 und d | ||
| 020 | _a007099238X | ||
| 041 | _aeng | ||
| 082 | _a005.362 BITG | ||
| 100 | _aBitter, Gary G;Gateley, Wilson Y. | ||
| 245 | _aBasic for beginners. | ||
| 250 | _a2 | ||
| 260 |
_aNew Delhi _bTata McGraw Hill Publishing Company Ltd _c1984 |
||
| 300 | _axiii,157 | ||
| 650 | _aNone | ||
| 999 |
_c180656 _d180656 |
||